000 01024nam a2200457Ia 4500
001 65251
003 137986
005 20250212062535.0
008 ||||||n9999 ||| || ||
041 _aspa
082 _a378155
100 _aPérez Gutiérrez, Luis
_914116
245 0 _aNuevos estilos de universidad
_cLuis Pérez Gutiérrez
260 _aBogotá :
_bColeccion Pensadores Politicos Colombianos,
_c1993.
300 _a233h.
504 _aIncluye bibliografía
562 _e1
650 0 _aEducación superior
_912027
650 0 _aUniversidades
_9115
942 _cBKM
999 _c65251
_d65251
526 _a
526 _a17598
526 _a102617
526 _a102618
526 _a15794
526 _a102619
526 _a1703
526 _a102620
526 _a10406
526 _a105630
526 _a1698
526 _a116204
526 _a51868
526 _a4969
526 _a19790
526 _a104436
526 _a5144
526 _a1697
526 _a3899
526 _a9683